Responses for Show #3711 - Monday, October 23, 2000

Contestants

[<< previous game]

Kirsten Edwards, a college student from Chicago, Illinois

Matt Blum, a web designer from Burlington, Massachusetts

Marjorie Goldman, an actor and homemaker from Bala Cynwyd, Pennsylvania (whose 1-day cash winnings total $10,100)

[next game >>]

Jeopardy! Round responses

STATE CAPITALS
CELEBRITY RELATIVES
IRISH EYES
INTERNATIONAL ROAD VEHICLE STICKERS
(Alex: You have to name the country each one represents.)
THE "HALL"S
OF MONTEZUMA
    $100 6
Topeka, Kansas

Matt
    $100 10
Carrie Fisher

Matt
    $100 16
Bob Geldof

Triple Stumper
    $100 17
Great Britain

Marjorie
    $100 1
(Marjorie: What is Carnegie Music Hall?)

Carnegie Hall

Marjorie
    $100 22
Aztecs

Matt
    $200 7
Augusta

Kirsten
    $200 11
Francis Ford Coppola

Matt
    $200 27
(Matt: Who is James Cagney?)

John Wayne

Matt
Triple Stumper
    $200 18
Brazil

Matt
    $200 2
(Matt: Who is Monty Hall?)

Arsenio Hall

MarjorieMatt
    $200 23
an opera

Triple Stumper
    $300 8
Montgomery, Alabama

Marjorie
    $300 13
Whitney Houston

Triple Stumper
    $300 28
Andrew Jackson

Matt
    $300 19
Denmark

Matt
    $300 3
Kids in the Hall

Marjorie
    $300 24
Hernando Cortez

Matt
    $600 9
(Marjorie: What is Austin?)

Nashville (Tennessee Titans)

Marjorie
    $400 14
(Kirsten: Who is Miranda Richardson?)

Vanessa Redgrave

MarjorieKirsten
    $400 29
Arthur Guinness

Marjorie
    $400 20
Kazakhstan

Triple Stumper
    $400 4
Kingdom Hall

Kirsten
    $400 25
chocolate

Matt
    $500 12
Hartford, Connecticut

Triple Stumper
    $500 15
Mortimer Snerd

Marjorie
    $500 30
Sir Francis Beaufort

Kirsten
    $500 21
Singapore

Marjorie
    $500 5
the Hall of Fame Bowl

Triple Stumper
    $500 26
Arizona

Triple Stumper

Scores at the first commercial break (after clue 15):

Marjorie Matt Kirsten
$1,200 $200 $200

Scores at the end of the Jeopardy! Round:

Marjorie Matt Kirsten
$2,200 $1,600 $700

Double Jeopardy! Round responses

ART FOR ART'S SAKE
ONCE THEY WERE ANGELS
(Alex: That's Charlie's Angels we're talking about.)
WEIGHTS & MEASURES
DEAD POETS SOCIETY
MAKE-UP TEST
PHRENCH PHRASES
    $200 6
"Pinkie"

Triple Stumper
    $200 23
Farrah Fawcett

Kirsten
    $200 11
an inch

Kirsten
    $200 1
Casey

Matt
    $200 21
mascara

Kirsten
    $200 16
Bon voyage !

Marjorie
    $400 7
Edgar Allan Poe

Kirsten
    $400 27
Jaclyn Smith

Marjorie
    $400 12
50 (L)

Kirsten
    $400 2
(Matt: What is steer by?)

steer her by

Matt
    $400 22
Bashful

Matt
    $400 17
an about-face

Matt
    $600 8
Salvador Dali

Kirsten
    $600 28
Tanya Roberts

Triple Stumper
    $600 13
(Matt: What is twice?)
(Marjorie: What is 4 times?)

3 times

MarjorieMatt
Triple Stumper
    $1,000 3
Abraham Lincoln

Matt
    $600 24
Radium

Matt
    $600 18
a grand mal seizure

Kirsten
    $800 9
[NOTE: Alex read the date of the portrait as "1764", not "1746".]

J.S. Bach

Kirsten
    $800 29
Kate Jackson

Triple Stumper
    $800 14
a sextant

Matt
    $800 4
Langston Hughes

Kirsten
    $800 25
A Midsummer Night's Dream

Matt
    $800 19
a tour de force

Matt
    $1000 10
The Tempest

Kirsten
    $1000 30
Cheryl Ladd

Triple Stumper
    $1000 15
a nanosecond

Marjorie
    $1000 5
Merci

Kirsten
    $1,000 26
(Alex: We have a minute to go.)

philosophy

Matt
    $1000 20
(Marjorie: What is a provocateur?)
(Alex: Need more information.)

Agent Provocateur

Marjorie
Triple Stumper

Scores at the end of the Double Jeopardy! Round:

Marjorie Matt Kirsten
$2,200 $7,400 $6,900

[wagering suggestions for these scores]

Final Jeopardy! Round responses

ANATOMY
MarjorieWhat is the brain? (brain)
$1,100
KirstenWhat is the brain?
$3,000
MattWhat is the Brain?
$6,401
Inner ear

Final scores:

Marjorie Matt Kirsten
$1,100 $999 $3,900
2nd place: Trip to Stockholm, Sweden courtesy of Priceline.com 3rd place: Zenith 36" TV New champion: $3,900

Game dynamics:

Coryat scores:

Marjorie Matt Kirsten
$2,800 $7,000 $6,900
12 R,
3 W
(including 1 DD)
19 R
(including 2 DDs),
3 W
14 R,
1 W

Combined Coryat: $16,700

[game clues] [game scores] [suggest correction]

Game tape date: 2000-09-26
The J! Archive is created by fans, for fans. Scraping, republication, monetization, and malicious use prohibited; this site may use cookies and collect identifying information. See terms. The Jeopardy! game show and all elements thereof, including but not limited to copyright and trademark thereto, are the property of Jeopardy Productions, Inc. and are protected under law. This website is not affiliated with, sponsored by, or operated by Jeopardy Productions, Inc. Join the discussion at JBoard.tv.